Punjab during the revolt : (Record no. 167713)

MARC details
000 -LEADER
fixed length control field 00598nam a22001817a 4500
005 - DATE AND TIME OF LATEST TRANSACTION
control field 20190917142614.0
010 ## - LCCN (DPL NO)
LC control number ENG-126483
020 ## - INTERNATIONAL STANDARD BOOK NUMBER
Terms of availability 700.00
International Standard Book Number 978-81-8369-000-3
035 ## - SYSTEM CONTROL NUMBER
System control number EN-110015
037 ## - SOURCE OF ACQUISITION
Source of stock number/acquisition DBAD/PUB
082 ## - DEWEY DECIMAL CLASSIFICATION NUMBER
Classification number 954.0317
100 ## - MAIN ENTRY--PERSONAL NAME
Personal name Pruthi ,R.K.
245 ## - TITLE STATEMENT
Title Punjab during the revolt :
Statement of responsibility, etc By R.K.Pruthi
Remainder of title 1857 select Documents /
260 ## - PUBLICATION, DISTRIBUTION, ETC. (IMPRINT)
Place of publication, distribution, etc New Delhi
Name of publisher, distributor, etc Life Span Publishers And Distributers
Date of publication, distribution, etc 2019
270 ## - ADDRESS
City New Delhi
Address 4782/23 ,Ansari Road ,Daryagang
Postal code 110002
Electronic mail address lifespandelhi@gmail.com
300 ## - PHYSICAL DESCRIPTION
Extent 272p.
Dimensions 22cm(hb)
942 ## - ADDED ENTRY ELEMENTS (KOHA)
Source of classification or shelving scheme Dewey Decimal Classification
Item type English Books
Classification part 954.0317
Call number suffix PRU
Holdings
Withdrawn status Lost status Not for loan Collection code Home library Current library Date acquired Source of acquisition Cost, normal purchase price Full call number Barcode Copy number Cost, replacement price Koha item type
      Non-fiction Andrews Gunj Andrews Gunj 17/09/2019 DBAD/PUB 700.00 954.0317 PRU EN-110015 1 700.00 English Books

© Delhi Public Library
Hit Counter
free hit counter